| 000 | 01639cam a2200433 a 4500 | ||
|---|---|---|---|
| 001 | 94944 | ||
| 005 | 20230410103824.0 | ||
| 008 | 100514s2010 fluab b s001 0 eng | ||
| 010 | _a 2010020661 | ||
| 035 | _a(OCoLC)ocn567162464 | ||
| 040 |
_aDLC _cDLC _dBTCTA _dYDXCP _dUKM _dC#P _dCDX _dBWX |
||
| 015 |
_aGBB099532 _2bnb |
||
| 016 | 7 |
_a015630788 _2Uk |
|
| 020 | _a9780813035116 (acid-free paper) | ||
| 020 | _a0813035112 (acid-free paper) | ||
| 029 | 1 |
_aNZ1 _b13472903 |
|
| 035 | _a(OCoLC)567162464 | ||
| 043 | _aa-su--- | ||
| 049 | _aGRAL | ||
| 050 | 1 | 4 |
_a403 DS 204 _bL848k 2010 |
| 082 | 0 | 0 | _a953 |
| 100 | 1 | _aLong, David E. | |
| 245 | 1 | 4 |
_aThe kingdom of Saudi Arabia / _cDavid E. Long and Sebastian Maisel. |
| 250 | _a2nd ed. | ||
| 260 |
_aGainesville : _bUniversity Press of Florida, _c2010. |
||
| 300 |
_axiii, 209 p. : _bill., map ; _c23 cm. |
||
| 504 | _aIncludes bibliographical references and index. | ||
| 505 | 0 | _aThe land and people -- Historical background -- Tradition and modernization: Islam and society -- Oil and Saudi Arabia -- Economic development and modernization -- The Saudi political system -- Saudi foreign and national security policies -- Saudi Arabia in the twenty-first century. | |
| 650 | 0 |
_aSaudi Arabia _xHistory |
|
| 650 | 4 |
_aArabia Saudita _xHistoria. |
|
| 700 | 1 |
_aMaisel, Sebastian, _d1970- |
|
| 938 |
_aBaker and Taylor _bBTCP _nBK0008847473 |
||
| 938 |
_aYBP Library Services _bYANK _n3337359 |
||
| 938 |
_aCoutts Information Services _bCOUT _n12648859 |
||
| 938 |
_aBlackwell Book Service _bBBUS _nR2863474 _c$21.95 |
||
| 942 |
_2lcc _cbk |
||
| 994 |
_aC0 _bDRFGD |
||
| 946 | _aJP | ||
| 999 |
_c26489 _d26489 |
||